00530nmm a2200157Ia 4500008004100000020001800041041000800059100002600067245010100093264005500194300001800249650003000267856005100297942000700348999001700355251105s9999||||xx |||||||||||||||||und|| a9789562844789 aspa aGibert Galassi, Jorge 0aLa conexión libertad-determinismo : Una reconstrucción filosófica de las ciencias sociales a[Santiago de Chile, Chile] :bRil editores, c2006 a180 páginas aSocial Sciences (General) uhttps://public.digitaliapublishing.com/a/29677 cCF c94375d94375